Afinitná imobilizácia enzýmov
Salvato in:
| Autore principale: | |
|---|---|
| Altri autori: | |
| Natura: | Manoscritto Libro |
| Lingua: | slovacco |
| Pubblicazione: |
2018
|
| Soggetti: | |
| Accesso online: | http://is.stuba.sk/zp/portal_zp.pl?podrobnosti=117918 |
| Tags: |
Nessun Tag, puoi essere il primo ad aggiungerne!!
|
MARC
| LEADER | 00000ntm a22000003a 4500 | ||
|---|---|---|---|
| 001 | stuzp70065 | ||
| 003 | SK-STU | ||
| 005 | 20180623211353.4 | ||
| 007 | ta | ||
| 008 | 150427s2015----xo-----f-mn---000-0-slo-d | ||
| 040 | |a STU |b slo | ||
| 041 | 0 | |a slo | |
| 100 | 1 | |a Dzuro, Lukáš |u 044000 |4 aut |U FCHPT Fakulta chemickej a potravinárskej technológie |T FCHPT Ústav biotechnológie |X 76140 |U C4000 |Y 102 |7 76140 | |
| 242 | 0 | 1 | |a Affinity Immobilization of Enzymes |y eng |
| 245 | 1 | 0 | |a Afinitná imobilizácia enzýmov |
| 260 | |c 2018 | ||
| 650 | 4 | |a ketoreduktáza |2 slo | |
| 650 | 4 | |a afinitná imobilizácia |2 slo | |
| 650 | 4 | |a glukózodehydrogenáza |2 slo | |
| 650 | 4 | |a kofaktor |2 slo | |
| 650 | 4 | |a bioreaktor |2 slo | |
| 650 | 4 | |a Affinity Immobilization |2 eng | |
| 650 | 4 | |a Ketoreductase |2 eng | |
| 650 | 4 | |a Glucose Dehydrogenase |2 eng | |
| 650 | 4 | |a cofactor |2 eng | |
| 650 | 4 | |a bioreactor |2 eng | |
| 700 | 1 | |a Rebroš, Martin |u 044000 |k Z1 |4 ths |U FCHPT Fakulta chemickej a potravinárskej technológie |T FCHPT Ústav biotechnológie |X 4015 |U C4000 |Y 102 |7 A000004015 | |
| 856 | 4 | |u http://is.stuba.sk/zp/portal_zp.pl?podrobnosti=117918 | |